Copal from New Guinea (Tropical Products Department of the Royal Tropical Institute, No. 267) (Record no. 45892)

MARC details
000 -LEADER
fixed length control field 00515nam a2200157Ia 4500
100 ## - MAIN ENTRY--AUTHOR NAME
Personal name Spoon W
245 #0 - TITLE STATEMENT
Title Copal from New Guinea (Tropical Products Department of the Royal Tropical Institute, No. 267)
260 ## - PUBLICATION, DISTRIBUTION, ETC. (IMPRINT)
Name of publisher Verfkronick
Year of publication 1959
300 ## - PHYSICAL DESCRIPTION
Number of Pages 16p
520 ## - SUMMARY, ETC.
Summary, etc Copal is the resin collected from the bark of trees belonging to the botanical genius Agathis (family Pinaceae.)
650 ## - SUBJECT ADDED ENTRY--TOPICAL TERM
Topical Term Agathis
650 ## - SUBJECT ADDED ENTRY--TOPICAL TERM
Topical Term Pinaceae
650 ## - SUBJECT ADDED ENTRY--TOPICAL TERM
Topical Term Resin
942 ## - ADDED ENTRY ELEMENTS (KOHA)
Koha item type Reprints
Holdings
Withdrawn status Lost status Damaged status Not for loan Home library Current library Date acquired Serial Enumeration / chronology Koha item type
      Reprints RRII Library RRII Library 22/12/2021 Volume 32, Issue 3 Reprints